La tradición trascendida (Record no. 189233)

MARC details
000 -LEADER
campo de control de longitud fija 01217nam a2200277 i 4500
001 - NÚMERO DE CONTROL
campo de control 189233
003 - IDENTIFICADOR DE NÚMERO DE CONTROL
campo de control ES-MaACL
005 - FECHA Y HORA DE LA ÚLTIMA TRANSACCIÓN
campo de control 20240415105056.0
008 - DATOS DE LONGITUD FIJA--INFORMACIÓN GENERAL
campo de control de longitud fija 190429s2017 sp ach |||| |dspa d
020 ## - NÚMERO INTERNACIONAL ESTÁNDAR DEL LIBRO
Número Internacional Estándar del Libro 978-84-947922-0-5
245 03 - MENCIÓN DEL TÍTULO
Título La tradición trascendida
Resto del título : "Cántico" y su época /
Mención de responsabilidad, etc. edición de Balbina Prior.
260 ## - PUBLICACIÓN, DISTRIBUCIÓN, ETC.
Lugar de publicación, distribución, etc. [Madrid] :
Nombre del editor, distribuidor, etc. Ediciones de la Revista Áurea,
Fecha de publicación, distribución, etc. [2017]
300 ## - DESCRIPCIÓN FÍSICA
Extensión 307 p. :
Otras características físicas il. col., retr. ;
Dimensiones 21 cm.
490 1# - MENCIÓN DE SERIE
Mención de serie Ediciones de la Revista Áurea ;
Designación de volumen o secuencia 4
500 ## - NOTA GENERAL
Nota general Índices.
505 8# - NOTA DE CONTENIDO CON FORMATO
Nota de contenido con formato Contiene: ;
Título Cántico ;
-- Ricardo Molina ;
-- Juan Bernier ;
-- Pablo García Baena ;
-- Mario López ;
-- Vicente Núñez ;
-- Julio Aumente ;
-- José de Miguel ;
-- Ginés Liébana ;
-- Miguel del Moral ;
-- Rocío Moragas ;
-- Poemas para Cántico
599 ## - NOTA A LAS ILUSTRACIONES
NOTA A LAS ILUSTRACIONES Con facsímiles de las cub. de Cántico.
630 04 - PUNTO DE ACCESO ADICIONAL DE MATERIA--TÍTULO UNIFORME
Título uniforme Cántico (Córdoba)
9 (RLIN) 166920
650 04 - PUNTO DE ACCESO ADICIONAL DE MATERIA--TÉRMINO DE MATERIA
Término de materia o nombre geográfico como elemento de entrada Poesía-
Subdivisión cronológica S.XX
9 (RLIN) 16200
700 1# - ENTRADA AGREGADA--NOMBRE PERSONAL
Nombre de persona Prior, Balbina.
9 (RLIN) 141787
830 0# - PUNTO DE ACCESO ADICIONAL DE SERIE-TÍTULO UNIFORME
Título uniforme Ediciones de la Revista Áurea ;
Designación de volumen o secuencia 4
9 (RLIN) 193269
852 ## - LOCALIZACIÓN
Ubicación ES-MaACL
Número de control de estantería A-14522
itemnumber 196371
Sublocalización o colección R.152021
Ubicación en estantería Depósito 1
Signatura antigua Olim: N-7522
Donativo/Legado Donación: Miguel Losada
903 ## - NOMBRE PERSONAL DE DONANTE
9 74261
a Losada, Miguel
e Donante
942 ## - ELEMENTOS DE ENTRADA SECUNDARIOS (KOHA)
Fuente del sistema de clasificación o colocación Clasificación decimal universal
Tipo de ítem Koha Libro impreso
Holdings
Estatus retirado Estado de pérdida Fuente del sistema de clasificación o colocación Estado de daño No para préstamo Biblioteca de origen Biblioteca actual Ubicación en estantería Fecha de adquisición Fuente de adquisición Total de préstamos Signatura topográfica completa Código de barras Visto por última vez Precio de reemplazo Tipo de ítem Koha
    Clasificación decimal universal     Biblioteca del Ateneo de Madrid Biblioteca del Ateneo de Madrid Depósito 1 29/04/2019 Donación   A-14522 1200433 23/02/2023 23/02/2023 Libro impreso